000 00617nam a2200289Ia 4500
005 20260401122301.0
008 008 250103s9999 xx 000 0 eng d
037 _aTB
040 _aEDL
040 _beng
040 _cEDL
041 _2eng
041 _aeng
084 _a954.14 DAY
084 _qEDL
100 _aDay, Lal Behari
245 0 _aBengal Peasant Life
245 0 _cDay, Lal Behari
260 _aNew Delhi
260 _bCosmo Publications
260 _c1984
300 _a383p
942 _cTB
942 _h954.14 DAY
999 _c1846217
_d1846217